000 00473nam a2200181Ia 4500
005 20240607114156.0
008 131103s9999 xx 000 0 und d
040 _aLoreto College
041 _aEnglish
082 _a570
_bNCE
245 _aGeneral science
_b handbook of activities classes vi - viii
260 _aNew Delhi
_bNCERT
_c1964
300 _aiv,458p.p.
_b ill.
504 _aIncludes glossary
650 _aGeneral science
850 _aLCBED
942 _cBK
999 _c28522
_d79001